000 00220 a2200097 4500
001 16905
100 _aModer J J
245 _aProject Management with CPM
260 _aLondon
_bVan Nostrand
_c
090 _c12687
_d12687
942 _aNUST-CAE
_cM
_c2988
999 _c251978
_d251978